000 00986nam a2200277Ia 4500
001 Para_10291
003 CHAP
008 220125sFebr xx 000 0 und d
010 _a208982
040 _cCHAP
090 _aPA CD - TESIS 321
100 _aGarcía Reyes, Ursicio
_9126949
245 _aControl químico del zacate bermuda (Cynodon dactylon L) en el cultivo de maíz, bajo dos sistemas de labranza /
_c Ursicio García Reyes; Director Fernando Urzua Soria
260 _aChapingo, Méx. :
_b el autor
300 _a1 CDS ROM (57 p.)
502 _aTesis (Ing. Agr. Esp. en Parasitología Agrícola). UACh. Departamento Parasitología Agrícola
700 _aUrzua Soria, Fernando. Director
_9175274
710 _aUACh. Departamento Parasitología Agrícola
_9164025
901 _aPA CD - TESIS 321
902 _aM
905 _a513220Febrero, 2014 anm 8100000000 06
910 _aFebr
942 _cPARA
942 _cPARA
_d2
999 _c208982
_d208982